000 01339nam a2200325 i 4500
003 EG-GICUC
005 20260314082133.0
008 260124s2003 ua |||fr|||| 00| 0 ara d
040 _a EG-GICUC
_bara
_c EG-GICUC
_d EG-GICUC
_erda
041 0 _aAra
082 0 4 _221
_a343.31
_bع ص . ت
092 0 4 _221
099 _aLaw1 10 343.31 ع ص . ت 2003
100 0 _aعصام عفيفى حسين عبدالبصير
_eمؤلف.
245 1 0 _aتجزئة القاعدة الجنائية :
_bدراسة مقارنة فى القانون الوضعي والفقه الجنائى الإسلامى /
_cتأليف الدكتور عصام عفيفى حسين عبدالبصير.
250 _aالطبعة الأولى
264 1 _aالقاهرة :
_bدار النهضة العربية،
_c2003.
300 _a412 صفحة؛
_c24 سم.
336 _2rda content
_atext
337 _2rda media
_aComputer
338 _2rda carrier
_aOnline Resource
504 _aببليوجرافيا: صفحات369-400.
546 _aالنص باللغة العربية
650 1 _aالقواعد العامة فى الإجراءات الجنائية
_2qrmak
650 1 _aالقانون الجنائى
_2qrmak
651 1 _2qrmak
856 4 0 _uhttps://fll.law.cu.edu.eg/fulltext/bks/B10-08107.pdf
905 _a54
942 _2ddc
_cBK
_e21
_n0
999 _c58832
_d58832